| 000 | 00727cab a2200241 4500 | ||
|---|---|---|---|
| 001 | WB3330-23 | ||
| 008 | 090401t1997 xxu||||| |||| 00| 0 eng d | ||
| 035 | _a(Sirsi) u79978 | ||
| 041 | _aeng | ||
| 245 | _aMortgage lending hits 4-year high | ||
| 260 | _c1997 | ||
| 350 | _a0 | ||
| 490 |
_aFinancial Times _v29 July 1997, 7(1) |
||
| 520 | _aBank mortgage lending reached its highest level for four years last month as the housing market continued to strengthen. | ||
| 650 | _aBRITISH BANKERS ASSOCIATION | ||
| 650 | _aHOUSING MARKET | ||
| 650 | _aINCREASE | ||
| 650 | _aMORTGAGE LENDERS | ||
| 650 | _aMORTGAGE LENDING | ||
| 690 | _aPROPERTY-PROPERTY FINANCE AND INVESTMENT | ||
| 942 | _n0 | ||
| 948 | _c29/07/1997 | ||
| 999 |
_c50333 _d50333 |
||